000 00753nam a22002411 4500
001 134728
003 ES-MaACL
005 20230906194731.0
007 t|
008 070913s1973 sp ||||0| spa d
016 7 _zIND2000944916
020 _a84-200-0312-3
040 _aM-BN
_bspa
_cCDM
080 _a636.2:616 ]:619
080 _a619:[636.2:616
100 1 _aWiesner, E.
_9116783
245 1 0 _aEnfermedades del ganado bovino /
_cE. Wiesner ; traducido del alemán por José Romero Muñoz de Arenillas.
260 _aZaragoza :
_bAcribia,
_c[1973]
300 _a426 p. :
_bil ;
_c25 cm.
650 1 4 _aGanado vacuno-
_xEnfermedades.
_913028
700 1 _aRomero Muñoz de Arenillas, José.
_999418
852 _aES-MaACL
_jC-53402
_bR.86310
999 _c134728
_d134728